00472nam a22001577a 450000500170000001000150001702000260003203500130005803700130007108200080008410000250009224500680011726000350018527000700022030000240029020130527115929.0 aENG-107170 a9788120347120c595.00 aEN-90703 bDBAD/PUB a230 aBrahma, Nalini Kanta aHindu spirituality :cby Nalini Kanta Brahmaban appreciation / aNew DelhibPHI Learningcc2013 aRimjhim House,111, Patparganj Industril EstatebNew Delhie110092 avii,136p.c24cm(Hb)